Largest Cities in Slovakia - 1910 - Statistics

General Stats
  • This quiz has been taken 11 times
  • The average score is 6 of 12
Answer Stats
Population City name % Correct
78 223 Bratislava
100%
44 211 Košice
90%
10 776 Banská Bystrica
70%
16 419 Nitra
70%
16 323 Prešov
70%
15 163 Trnava
70%
15 185 Banská Štiavnica
30%
22 337 Komárno
30%
16 228 Nové Zámky
20%
10 525 Spišská Nová Ves
20%
12 939 Lučenec
10%
12 249 Ružomberok
10%
No matching quizzes found
Score Distribution
Percent of People with Each Score
Percentile by Number Answered
Your Score History
You have not taken this quiz